Cuídate de mí / (Record no. 195886)

MARC details
000 -LEADER
campo de control de longitud fija 01336nam a2200349 i 4500
001 - NÚMERO DE CONTROL
campo de control 195886
003 - IDENTIFICADOR DE NÚMERO DE CONTROL
campo de control SpMaBN
005 - FECHA Y HORA DE LA ÚLTIMA TRANSACCIÓN
campo de control 20250804062708.0
008 - DATOS DE LONGITUD FIJA--INFORMACIÓN GENERAL
campo de control de longitud fija 240728s2018 sp | |||| 000 f spa
017 ## - NÚMERO DE COPYRIGHT O DE DEPÓSITO LEGAL
Número de copyright o de depósito legal B 26356-2017
Agencia que asigna Oficina Depósito Legal Barcelona
020 ## - NÚMERO INTERNACIONAL ESTÁNDAR DEL LIBRO
Número Internacional Estándar del Libro 9788401020810
035 ## - NÚMERO DE CONTROL DEL SISTEMA
Número de control de sistema (OCoLC)1022941165
035 ## - NÚMERO DE CONTROL DEL SISTEMA
Número de control de sistema a6124843
040 ## - FUENTE DE CATALOGACIÓN
Centro catalogador/agencia de origen SpMaBN
Lengua de catalogación spa
Centro/agencia transcriptor SpMaBN
Normas de descripción rdc
Centro/agencia modificador ES-MaACL
080 ## - NÚMERO DE LA CLASIFICACIÓN DECIMAL UNIVERSAL
Número de la Clasificación Decimal Universal 821.134.2-31"19"
100 ## - ENTRADA PRINCIPAL--NOMBRE DE PERSONA
Nombre de persona Frisa, María,
Fechas asociadas al nombre 1969-
Número de control del registro de autoridad o número normalizado XX5883607
9 (RLIN) 237659
Término indicativo de función/relación Autor
240 10 - TÍTULO UNIFORME
Título uniforme Cuídate de mí
245 10 - MENCIÓN DEL TÍTULO
Título Cuídate de mí /
Mención de responsabilidad, etc. María Frisa.
250 ## - MENCION DE EDICION
Mención de edición Primera edición: febrero de 2018
260 ## - PUBLICACIÓN, DISTRIBUCIÓN, ETC.
Lugar de publicación, distribución, etc. [Barcelona] :
Nombre del editor, distribuidor, etc. Plaza & Janés,
Fecha de publicación, distribución, etc. 2018.
300 ## - DESCRIPCIÓN FÍSICA
Extensión 475 p. :
Dimensiones 24 cm.
336 ## - TIPO DE CONTENIDO
Término de tipo de contenido Texto (visual)
Fuente isbdcontent
337 ## - TIPO DE MEDIO
Nombre/término del tipo de medio sin mediación
Fuente isbdmedia
338 ## - TIPO DE SOPORTE
Fuente rdacarrier
Nombre/término del tipo de soporte volumen
655 #0 - TERMINO DE INDIZACIÓN--GENERO/FORMA
Datos o término principal de género/forma Novelas
9 (RLIN) 234319
852 ## - LOCALIZACIÓN
Ubicación ES-MaACL
Ubicación en estantería Depósito J
Número de control de estantería N-9004
Marcas de propiedad Anotación manuscrita de la antigua dueña
Donativo/Legado Donación: Inés Fernández Vera
Encuadernación Encuadernación cartoné
Nota libre Parece que esta edición tuvo sobrecubiertas pero el ejemplar carece de ellas
itemnumber 204869
903 ## - NOMBRE PERSONAL DE DONANTE
a Fernández Vera, Inés
e Donante
942 ## - ELEMENTOS DE ENTRADA SECUNDARIOS (KOHA)
Tipo de ítem Koha Libro impreso
Suprimir en OPAC No
Holdings
Estatus retirado Estado de pérdida Fuente del sistema de clasificación o colocación Estado de daño No para préstamo Biblioteca de origen Biblioteca actual Ubicación en estantería Fecha de adquisición Fuente de adquisición Total de préstamos Signatura topográfica completa Código de barras Visto por última vez Precio de reemplazo Tipo de ítem Koha
    Clasificación decimal universal     Biblioteca del Ateneo de Madrid Biblioteca del Ateneo de Madrid Depósito J 23/03/2025 Donación   N-9004 101229717 23/03/2025 23/03/2025 Libro impreso